Central Library OPAC University of Rajshahi

Psychology of industrial behavior / (Record no. 75796)

MARC details
000 -LEADER
fixed length control field 00680nam a2200229 a 4500
001 - CONTROL NUMBER
control field 75796
003 - CONTROL NUMBER IDENTIFIER
rucl marc code BD-RjUL
005 - DATE AND TIME OF LATEST TRANSACTION
control field 20211209082740.0
008 - FIXED-LENGTH DATA ELEMENTS--GENERAL INFORMATION
fixed length control field 08-07-s1972 nyua b 001 0 eng
035 ## - SYSTEM CONTROL NUMBER
System control number (BD-RjUL)76015
040 ## - CATALOGING SOURCE
Original cataloging agency DLC
Transcribing agency DLC
Modifying agency SER
-- BD-RjUL
Language of cataloging eng
041 ## - LANGUAGE CODE
Language code of text/sound track or separate title eng
082 ## - DEWEY DECIMAL CLASSIFICATION NUMBER
Edition number 23
Classification number 158.7
Author mark and year SMP 1972
100 1# - MAIN ENTRY--PERSONAL NAME
Personal name Smith, Henry Clay,
Dates associated with a name 1913-2005
9 (RLIN) 183685
245 10 - TITLE STATEMENT
Title Psychology of industrial behavior /
Statement of responsibility, etc. Henry Clay Smith, John H. Wakeley.
250 ## - EDITION STATEMENT
Edition statement 3rd ed
260 ## - PUBLICATION, DISTRIBUTION, ETC. (IMPRINT)
Place of publication, distribution, etc. New York :
Name of publisher, distributor, etc. McGraw-Hill,
Date of publication, distribution, etc. c1972
300 ## - PHYSICAL DESCRIPTION
Pagination xvi, 397 p. :
Illustrations ill. ;
Size 24 cm.
650 #0 - SUBJECT ADDED ENTRY--TOPICAL TERM
Topical term or geographic name as entry element Psychology, Industrial
9 (RLIN) 176486
700 ## - ADDED ENTRY--PERSONAL NAME
Personal name Wakeley, John H.
942 ## - ADDED ENTRY ELEMENTS (KOHA)
Source of classification or shelving scheme Dewey Decimal Classification
Koha item type Books
Holdings
Lost status Source of classification or shelving scheme Damaged status Not for loan Collection code Permanent Location Current Location Shelving location Date acquired Source of acquisition Total Checkouts Full call number Date last seen Copy number Koha item type Cost, normal purchase price
  Dewey Decimal Classification   Not For Loan Non-fiction Central Library, University of Rajshahi Central Library, University of Rajshahi Reading Room 10/06/1977 W.U.S.   158.7 SMP 1972 08/07/2019 C-1 Books  
  Dewey Decimal Classification     Non-fiction Central Library, University of Rajshahi Central Library, University of Rajshahi   10/06/1977 W.U.S.   158.7 SMP 1972 08/07/2019 C-3 Books  
  Dewey Decimal Classification     Non-fiction Central Library, University of Rajshahi Central Library, University of Rajshahi   08/08/1979 Heffers   158.7 SMP 1972 08/07/2019 C-2 Books 11.20